书目信息 |
| 题名: |
反应动力学
|
|
| 作者: | 皮林 著 ;陶愉生 译 | |
| 分册: | ||
| 出版信息: | 北京 科学出版社 1980 |
|
| 页数: | 150页 | |
| 开本: | 19cm | |
| 丛书名: | ||
| 单 册: | ||
| 中图分类: | O643.1 | |
| 科图分类: | ||
| 主题词: | 物理化学 , 量子化学 , 反应动力学 | |
| 电子资源: | ||
| ISBN: | ||
| 000 | 00722nam0 2200265 45 | |
| 001 | 0180004985 | |
| 005 | 20060817171035.12 | |
| 010 | @dCNY0.80 | |
| 091 | @a13031.1350 | |
| 100 | @a19950626d1980 em y0chiy0121 ea | |
| 101 | 1 | @achi@ceng |
| 102 | @aCN@b110000 | |
| 105 | @ay z 000yy | |
| 200 | 10 | @a反应动力学@Afan ying dong li xue@f(英)M·J·皮林著@F(ying)M·J·pi lin zhu@g陶愉生译 |
| 210 | @a北京@c科学出版社@d1980 | |
| 215 | @a150页@d19cm | |
| 606 | 0 | @a物理化学 |
| 606 | 0 | @a量子化学 |
| 606 | @a反应动力学 | |
| 690 | @aO643.1@v3 | |
| 701 | 1 | @a皮林@Api lin@bP.J.@f英@4著 |
| 702 | 0 | @a陶愉生@Atao yu sheng@4译 |
| 801 | 2 | @aCN@bNLC@c20060817 |
| 801 | 0 | @aCN@b上海图书馆@c20060817 |
| 905 | @dO643.1@e42 | |
| 反应动力学/(英)M·J·皮林著/陶愉生译.-北京:科学出版社,1980 |
| 150页;19cm |
| ISBN :CNY0.80 |
| ● |
| 相关链接 |
|
|
|
|
正题名:反应动力学
索取号:O643.1/42
 
预约/预借
| 序号 | 登录号 | 条形码 | 馆藏地/架位号 | 状态 | 备注 |
| 1 | 0036626 | 000384382 | 第三借阅区/ [索取号:O643.1/42] | 在馆 | |
| 2 | 0036627 | 202324779 | 密集书库/ [索取号:O643.1/42] | 在馆 | |
| 3 | 0036628 | 202324635 | 密集书库/ [索取号:O643.1/42] | 在馆 | |
| 4 | 0036629 | 202324626 | 密集书库/ [索取号:O643.1/42] | 在馆 | |
| 5 | 0036630 | 202324467 | 密集书库/ [索取号:O643.1/42] | 在馆 | |
| 6 | 0432632 | 204326327 | 密集书库/ [索取号:O643.1/42] | 在馆 | |
| 7 | 0439583 | 204395831 | 密集书库/ [索取号:O643.1/42] | 在馆 | |
| 8 | 0468456 | 204684564 | 密集书库/ [索取号:O643.1/42] | 在馆 | |
| 9 | 0468495 | 204684957 | 密集书库/ [索取号:O643.1/42] | 在馆 |